La sociedad del cansancio
Sparad:
| Huvudupphovsman: | |
|---|---|
| Materialtyp: | Bok |
| Språk: | spanska |
| Publicerad: |
Barcelona
Herder Editorial
2017
|
| Upplaga: | 2a. ed |
| Serie: | Colección Pensamiento Herder
|
| Ämnen: | |
| Taggar: |
Lägg till en tagg
Inga taggar, Lägg till första taggen!
|
MARC
| LEADER | 00000cam a2200000 a 4500 | ||
|---|---|---|---|
| 001 | UCC2581 | ||
| 003 | CL-VaPUC | ||
| 008 | 180309e20170000sp |||||||||||||||||spa|d | ||
| 020 | |a 9788425438547 | ||
| 082 | 0 | 4 | |a 303.4 |b HAN |2 21 |
| 100 | |a Han, Byung-Chul |e author |9 602741 | ||
| 245 | 1 | 3 | |a La sociedad del cansancio |
| 250 | |a 2a. ed | ||
| 300 | |a 118 p | ||
| 942 | |c BK | ||
| 945 | |d 20180309 22:06:00 |a arojas | ||
| 260 | |a Barcelona |b Herder Editorial |c 2017 | ||
| 650 | 0 | |a Sociología |9 255410 | |
| 650 | 0 | |a Filosofía |9 223554 | |
| 650 | 0 | |a Filosofía alemana |9 265002 | |
| 650 | 0 | |a Filosofía social |9 268191 | |
| 650 | 0 | |a Sociología del cambio |9 337801 | |
| 583 | |a last modification |c 20180309 22:06:00 |k Rodrigo Vera | ||
| 490 | 0 | |a Colección Pensamiento Herder | |
| 999 | |c 370643 |d 370641 | ||
| 952 | |0 0 |1 0 |3 erb |4 0 |6 303_400000000000000_HAN_2017 |7 0 |8 A |9 487213 |a BIBTEO |b BIBTEO |i 5453216 |l 3 |m 1 |o 303.4 HAN 2017 |p 5453216 |q 2025-04-07 |r 2025-03-24 |s 2025-03-24 |w 2019-11-24 |y BK |z Catalogado en:20180309 |k ICR | ||
| 952 | |0 0 |1 0 |3 erb |4 0 |6 303_400000000000000_HAN_2017 |7 0 |8 A |9 487214 |a BIBARQ |b BIBARQ |i 5466148 |o 303.4 HAN 2017 |p 5466148 |r 2025-01-20 |w 2019-11-24 |y BK |z Catalogado en:20180413 |k ARQ | ||